000 00594nam a22001577a 4500
005 20120102104821.0
020 _a9788128629914
_c60.00
037 _bPUB
245 _aRipley's believe it or not!:
_cby Sheri Bell Rehwoldt...(et al)
_bamazing earth /
260 _aMumbai
_bEuro Books
_c2011
270 _aDani Corporat e Park, First Floor, 158, Vidyanagari Marg, Kalina, Santacruz
_bMumbai
_e400098
300 _aunpages
_bill.
_c21cm(pbk)
700 _aBell-Rehwoldt, Sheri
_937767
942 _2ddc
_cCH
_mRIP
999 _c60102
_d60102